000 00238nam a22000857a 4500
008 160711b xxu||||| |||| 00| 0 eng d
100 _92580
_a Craig, H
245 _aThe Complete Works of Shakespeare
260 _aN.J
_b Scott,Foresman & Com
_c1961
999 _c2245
_d2245